<?xml version="1.0" encoding="UTF-8"?><?xml-stylesheet type="text/xsl" href="static/style.xsl"?><OAI-PMH xmlns="http://www.openarchives.org/OAI/2.0/" xmlns:xsi="http://www.w3.org/2001/XMLSchema-instance" xsi:schemaLocation="http://www.openarchives.org/OAI/2.0/ http://www.openarchives.org/OAI/2.0/OAI-PMH.xsd"><responseDate>2026-06-03T22:30:03Z</responseDate><request verb="GetRecord" identifier="oai:riuma.uma.es:10630/4601" metadataPrefix="marc">https://riuma.uma.es/rest/oai/request</request><GetRecord><record><header><identifier>oai:riuma.uma.es:10630/4601</identifier><datestamp>2026-02-03T12:37:40Z</datestamp><setSpec>com_10630_2254</setSpec><setSpec>col_10630_37957</setSpec></header><metadata><record xmlns="http://www.loc.gov/MARC21/slim" xmlns:dcterms="http://purl.org/dc/terms/" xmlns:doc="http://www.lyncode.com/xoai" xmlns:xsi="http://www.w3.org/2001/XMLSchema-instance" xsi:schemaLocation="http://www.loc.gov/MARC21/slim http://www.loc.gov/standards/marcxml/schema/MARC21slim.xsd">
   <leader>00925njm 22002777a 4500</leader>
   <datafield ind2=" " ind1=" " tag="042">
      <subfield code="a">dc</subfield>
   </datafield>
   <datafield ind2=" " ind1=" " tag="720">
      <subfield code="a">Peñuela Ruiz, Laura</subfield>
      <subfield code="e">author</subfield>
   </datafield>
   <datafield ind2=" " ind1=" " tag="260">
      <subfield code="c">2009</subfield>
   </datafield>
   <datafield ind2=" " ind1=" " tag="520">
      <subfield code="a">La hipotermia aguda en ratas anestesiadas provoca una disminución de la presión arterial media y de la frecuencia cardíaca, así como una respuesta respiratoria característica. En condiciones normales, los cambios cardiovasculares serían contrarrestados por el reflejo barorreceptor. La falta de una modulación refleja compensatoria sugiere que la regulación refleja barorreceptora normal ha sido alterada por la hipotermia. Basándonos en estos y otros datos, este trabajo de Tesis Doctoral nos ha permitido demostrar por primera vez el papel de la hipotermia en la modulación de la respuesta cardiorrespiratoria evocada por estimulación eléctrica del área de defensa hipotalámica (aDH) y del nervio simpático cardíaco.</subfield>
   </datafield>
   <datafield ind1="8" ind2=" " tag="024">
      <subfield code="a">9788497475945</subfield>
   </datafield>
   <datafield ind1="8" ind2=" " tag="024">
      <subfield code="a">http://hdl.handle.net/10630/4601</subfield>
   </datafield>
   <datafield tag="653" ind2=" " ind1=" ">
      <subfield code="a">Sistema cardiovascular - Tesis doctorales</subfield>
   </datafield>
   <datafield tag="653" ind2=" " ind1=" ">
      <subfield code="a">Anestésicos - Efectos fisiológicos - Tesis doctorales</subfield>
   </datafield>
   <datafield ind2="0" ind1="0" tag="245">
      <subfield code="a">Efectos de la hipotermia sobre respuestas cardiorrespiratorias evocadas por estimulación hipotalámica</subfield>
   </datafield>
</record>
</metadata></record></GetRecord></OAI-PMH>